Pečovatelská služba a individuální plánování : praktický průvodce /
Uložené v:
| Hlavný autor: | |
|---|---|
| Médium: | Kniha |
| Jazyk: | Czech |
| Vydané: |
Praha :
Grada,
2011.
|
| Vydanie: | 1. vyd. |
| Témy: | |
| ISBN: |
9788024738499 (brož.) |
| Fyzický popis: |
135 s. : il. ; 21 cm. |
| Tagy: |
Pridať tag
Žiadne tagy, Buďte prvý kto otaguje tento záznam!
|
Titul je dostupný aj v ... 

MARC
| LEADER | 00000nam a2200000 a 4500 | ||
|---|---|---|---|
| 001 | 000027816 | ||
| 005 | 20150213111110.0 | ||
| 008 | 110519s2011 xr a e f 001 0 cze d | ||
| 020 | |a 9788024738499 (brož.) | ||
| 040 | |a SVKKK |b slo |c SVKKK |e AACR2 | ||
| 041 | 0 | |a cze | |
| 043 | |a e-xr--- | ||
| 044 | |a xr |c CZ | ||
| 072 | 7 | |a 364 |x Sociálne problémy vyžadujúce podporu a pomoc. Sociálne zabezpečenie |2 konspekt | |
| 072 | 7 | |a 349 |x Pracovné, sociálne, stavebné právo. Právo životného prostredia |2 konspekt | |
| 080 | |a 364-785.22 |2 2001 | ||
| 080 | |a 364-787.222 |2 2001 | ||
| 080 | |a 349.3 |2 2001 | ||
| 080 | |a (437.3) |2 2001 | ||
| 080 | |a (035) |2 2001 | ||
| 100 | 1 | |a Hauke, Marcela, |d 1965- | |
| 245 | 1 | 0 | |a Pečovatelská služba a individuální plánování : |b praktický průvodce / |c Marcela Hauke. |
| 250 | |a 1. vyd. | ||
| 260 | |a Praha : |b Grada, |c 2011. | ||
| 300 | |a 135 s. : |b il. ; |c 21 cm. | ||
| 500 | |a Slovník | ||
| 504 | |a Bibl. odkazy; bibliografia: s. 132-133; register: s. 134-135 | ||
| 650 | 0 | 7 | |a sociálna práca s jednotlivcom |2 SVKKKPH |
| 650 | 0 | 7 | |a opatrovateľská služba |2 SVKKKPH |
| 650 | 0 | 7 | |a sociálne právo |2 SVKKKPH |
| 655 | 7 | |a príručky |2 SVKKKPH | |
| 910 | |a svkkk | ||
| 919 | |a 9788024738499 | ||
| 998 | |a BK | ||
| 090 | |g SCKHL |k Sklad Hlavná 10 prízemie |a III.222789 |j 1035592 |i 2720264264 |s Absenčne | ||